HOW TO SPEAK DRAGONESE (Record no. 4265)
[ view plain ]
| 000 -LEADER | |
|---|---|
| fixed length control field | 00594nam a22001457a 4500 |
| 020 ## - INTERNATIONAL STANDARD BOOK NUMBER | |
| ISBN | 978-1-444-90123-8 |
| 082 ## - DEWEY DECIMAL CLASSIFICATION NUMBER | |
| Classification number | 823 |
| Item number | COW/H |
| 100 ## - MAIN ENTRY--AUTHOR NAME | |
| Personal name | COWELL, CRESSIDA |
| 245 ## - TITLE STATEMENT | |
| Title | HOW TO SPEAK DRAGONESE |
| 260 ## - PUBLICATION, DISTRIBUTION, ETC. (IMPRINT) | |
| Place of publication | LONDON |
| Name of publisher | HACHETTE |
| Year of publication | 2010 |
| 300 ## - PHYSICAL DESCRIPTION | |
| Number of Pages | 235 |
| 520 ## - SUMMARY, ETC. | |
| Summary, etc | The two lads rescue a tiny yet arrogant nanodragon named Ziggerastica, but then they are kidnapped as part of a vicious plot to steal every dragon on the Isle of Berk. Hiccup must rely on his tiny new friend -- and his ability to speak Dragonese -- to save the day ... again! |
| 650 ## - SUBJECT ADDED ENTRY--TOPICAL TERM | |
| Topical Term | NOVEL |
| Geographic subdivision | UNITED KINGDOM |
| 942 ## - ADDED ENTRY ELEMENTS (KOHA) | |
| Koha item type | Books |
| Withdrawn status | Lost status | Collection code | Home library | Current library | Shelving location | Date acquired | Source of acquisition | Cost, normal purchase price | Full call number | Accession Number | Koha item type |
|---|---|---|---|---|---|---|---|---|---|---|---|
| Fiction | Main Library | Main Library | SHELF-14C- ALPHABETICAL -C--ENGLISH NOVELS & FICTIONS | 31/01/2019 | purchase | 60.00 | 823 COW/H | 10882 | Books |